00492nam a2200133Ia 45000010005000000080041000050820022000461000097000682450119001652600024002845900007003089010028003159990015003432705241024s9999 xx 000 0 und d aRD/610.7/R426n/17 aRepública Dominicana. Ministerio de Educación Superior, Ciencia y Tecnología (MESCEyT) 0aNormas para creación de escuelas y la formación de profesionales de enfermería en la República Dominicana. bSanto Domingoc2012 asi a28/12/2012 9:04:14 a.m. c8138d8138